Normal view
MARC view
Entry Personal Name
001 - CONTROL NUMBER
- control field: 35417
003 - CONTROL NUMBER IDENTIFIER
- control field: ARRUPE
005 - DATE AND TIME OF LATEST TRANSACTION
- control field: 20170830105852.0
008 - FIXED-LENGTH DATA ELEMENTS
- fixed length control field: 170830|| aca||aabn | a|a d
040 ## - CATALOGING SOURCE
- Original cataloging agency: ARRUPE
- Transcribing agency: ARRUPE
100 ## - HEADING--PERSONAL NAME
- Personal name: Frere, W. H.
- Fuller form of name: (Walter Howard),
- Dates associated with a name: 1863-1938.
670 ## - SOURCE DATA FOUND
- Source citation: Work cat.: (ARRUPE)0: Frere, W. H. (Walter Howard), 1863-1938., The principles of religious ceremonial., 1907.